000 00759nam a22002417a 4500
003 DO-SdBNP
005 20240313073817.0
008 081117s2004 dr 000 0 spa d
020 _a999342935X
040 _aDO-SdBNP
_bspa
_cBNPHU
082 _a079.7293
_bC697ci, 2004
100 1 _aCollado, Lipe,
_d1947-
_979819
245 1 0 _aCinco ensayos de comunicación /
_cLipe Collado.
250 _a2a. ed.
260 _aSanto Domingo :
_bCollado,
_c2004.
300 _a113 p. :
_c22 cm.
500 _aIncluye índice onomástico
590 _aInventariado, 2022/ YL
650 4 _aPeriodismo
_vENSAYOS, CONFERENCIAS, ETC.
_958
650 4 _aMedios de comunicación de masas
_zRepública Dominicana
_xHistória
_959
910 _aYLockward
942 _2ddc
_cLBS1
999 _c51615
_d51615